Matematika

Uložené v:
Podrobná bibliografia
Hlavný autor: Fecenko, Jozef
Korporativný autor: Ekonomická univerzita v Bratislave. Fakulta hospodárskej informatiky
Médium: Kniha
Jazyk:Slovak
Vydavateľské údaje: Bratislava Ekonóm 1995
Vydanie:2. vyd.
Predmet:
Tagy: Pridať tag
Žiadne tagy, Buďte prvý, kto otaguje tento záznam!

MARC

LEADER 00000nam a2200000 4500
001 c011757
005 20221214071340.2
020 |a 80-225-0675-3 
041 0 |a slo 
044 |a SK 
245 1 0 |a Matematika  |c Jozef Fecenko 
250 |a 2. vyd. 
264 1 |a Bratislava  |b Ekonóm  |c 1995 
300 |a 377 s. 
610 2 0 |a matematika 
100 1 |a Fecenko, Jozef 
710 2 |a Ekonomická univerzita v Bratislave. Fakulta hospodárskej informatiky